Restless legs syndrome (Record no. 390388)

MARC details
000 -LEADER
fixed length control field 00645nam a2200205Ia 4500
008 - FIXED-LENGTH DATA ELEMENTS--GENERAL INFORMATION
fixed length control field 191130s2009##################000#0#eng##
020 ## - INTERNATIONAL STANDARD BOOK NUMBER
ISBN 9780750675185
082 ## - DEWEY DECIMAL CLASSIFICATION NUMBER
Classification number 616.8498 HEN
245 ## - TITLE STATEMENT
Title Restless legs syndrome
Statement of responsibility, etc [edited by] Wayne A. Hening ... [et al.]
260 ## - PUBLICATION, DISTRIBUTION, ETC. (IMPRINT)
Place of publication Philadelphia, PA
Name of publisher Saunders/Elsevier
Year of publication c2009
300 ## - PHYSICAL DESCRIPTION
Number of Pages xxii, 312 p. : ill. (some col.) ; 27 cm
500 ## - GENERAL NOTE
General note Includes bibliographical references and index
650 ## - SUBJECT ADDED ENTRY--TOPICAL TERM
Topical Term Restless Legs Syndrome
700 ## - ADDED ENTRY--PERSONAL NAME
Personal name Hening, Wayne A
991 ## -
-- 125815

No items available.

Find us on the map